000
00336nam a22001577a 4500
003
SGT
020
_a
9789350355572
082
_a
346.015,KUS
100
_a
KUSUM
245
_a
CASES AND MATERIALS ON FAMILY LAW
250
_a
4TH
260
_a
NEW DELHI
_b
UNIVERSAL
_c
2015
300
_a
493
650
_a
FAMILY LAW
942
_2
ddc
_c
BK
999
_c
10604
_d
10604